Lineamientos generales para la administracion del talento humano al servicio del estado / (Registro nro. 14442)

Detalles MARC
000 -LÍDER
campo de control de longitud fija 01063nam a2200241Ia 4500
005 - FECHA Y HORA DE LA ÚLTIMA
campo de control 20240207163000.0
008 - ELEMENTOS DE DATOS DE LONGITUD FIJA - INFORMACIÓN GENERAL
campo de control de longitud fija 210310s9999 xx 000 0 und d
020 ## - NÚMERO INTERNACIONAL NORMALIZADO DEL LIBRO
Número de libro estándar internacional 9588125251
037 ## - FUENTE DE ADQUISICIÓN
Materials specified Donación
040 ## - FUENTE DE CATALOGACIÓN
Agencia de catalogación original CO-JMCR
Agencia de transcripción CO-JMCR
Agencia modificadora CO-JMCR
Convenciones de descripción rda
041 ## - CÓDIGO DE IDIOMA
Código de idioma del texto/pista de sonido o título independiente spa
082 ## - NÚMERO DE CLASIFICACIÓN DECIMAL DEWEY
Número de edición 23
Número de clasificación 351.1
Número de artículo D41l
110 ## - ENTRADA PRINCIPAL - NOMBRE CORPORATIVO
Corporate name or jurisdiction name as entry element Departamento Administrativo de la Función Publica
Término relativo autor
9 (RLIN) 43179
245 #0 - DECLARACIÓN DEL TÍTULO
Título Lineamientos generales para la administracion del talento humano al servicio del estado /
Declaración de responsabilidad, etc. Departamento administrativo de la función publica
260 ## - PUBLICACIÓN, DISTRIBUCIÓN, ETC.
Lugar de publicación, distribución, etc. Bogotá:
Nombre del editor, distribuidor, etc. Departamento administrativo de función publica,
Fecha de publicación, distribución, etc. 2002
300 ## - DESCRIPCIÓN FÍSICA
Medida 39 páginas;
Dimensiones 21 cm.
505 ## - NOTA DE CONTENIDO FORMATEADO
Nota de contenido formateada Una mirada a la situación actual -- Lineamientos generales de la gestión del talento humano.
650 ## - ENTRADA AÑADIDA DE ASUNTO - TÉRMINO TEMÁTICO
Fuente del encabezado o término JMCR
-- Lineamientos generales
Subdivisión general Talento humano
Subdivisión geográfica Colombia
9 (RLIN) 33603
650 ## - ENTRADA AÑADIDA DE ASUNTO - TÉRMINO TEMÁTICO
Fuente del encabezado o término JMCR
-- Talento humano
Subdivisión de formulario Lineamientos
9 (RLIN) 43180
650 ## - ENTRADA AÑADIDA DE ASUNTO - TÉRMINO TEMÁTICO
Fuente del encabezado o término JMCR
-- Administración de personal
Subdivisión general Estado colombiano
9 (RLIN) 43181
700 ## - ENTRADA AGREGADA - NOMBRE PERSONAL
Nombre personal Zuluaga Ruiz, Mauricio
Término relativo Director
9 (RLIN) 43182
942 ## - ELEMENTOS DE ENTRADA AÑADIDOS (KOHA)
Source of classification or shelving scheme Dewey Decimal Classification
Tipo de artículo Koha Books
999 ## -
-- 14442
-- 14442
Existencias
Estado retirado